| 000 | 00605nam a2200181 a 4500 | ||
|---|---|---|---|
| 001 | 000007187 | ||
| 005 | 20200929154105.0 | ||
| 008 | 090907s1977 dr a 001 0 spa d | ||
| 040 |
_aDO-SdBNP _bspa _cBNPHU |
||
| 082 |
_a421 _bG241 |
||
| 100 | 1 |
_aGarrido, Priscilla _919952 |
|
| 245 | 1 | 0 |
_aBasic english for students of electricity and electronics / _cPriscilla Garrido, John Rodríguez. |
| 260 |
_aSanto Domingo : _bLa Isabela, _c1977. |
||
| 300 |
_a152 p. : _bil ; _c22 cm. |
||
| 650 | 4 |
_aInglés _xEnseñanza _912229 |
|
| 650 | 4 |
_aInglés _xLibros de conversación _919953 |
|
| 700 | 1 |
_aRodríguez, John _919954 |
|
| 999 |
_c6968 _d6968 |
||